| 000 | 00450nam a22001697a 4500 | ||
|---|---|---|---|
| 003 | OSt | ||
| 005 | 20210930102605.0 | ||
| 008 | 210930b |||||||| |||| 00| 0 eng d | ||
| 020 | _a0-07-09943 1-5 | ||
| 040 | _cHawassa university | ||
| 050 |
_a581/LEO _b2 |
||
| 082 |
_2Second edition _a581/LEO _b2 |
||
| 100 |
_aLeopold a. carl _98535 |
||
| 245 | _aPlant growth and development | ||
| 260 |
_aNew delhi _bTata McGraw-hill _c1975 |
||
| 942 |
_2ddc _cBOOKS _n0 |
||
| 999 |
_c7912 _d7912 |
||